|
|
|
|
| LEADER |
00896nam a2200265 a 4500 |
| 001 |
1513 |
| 003 |
BD-DhAAL |
| 005 |
20150513115137.0 |
| 008 |
150513s1995 iluab 001 0 eng |
| 010 |
|
|
|a 94049004
|
| 020 |
|
|
|a 0256181853
|
| 040 |
|
|
|a DLC
|c DLC
|d DLC
|d BD-DhAAL
|
| 050 |
0 |
0 |
|a TK5105.875.I57
|b S36 1995
|
| 082 |
0 |
0 |
|a 004.6/7
|2 20
|
| 100 |
1 |
|
|a Sanford, Clive C.
|9 10982
|
| 245 |
1 |
0 |
|a Exploring the Internet /
|c Clive C. Sanford.
|
| 260 |
|
|
|a Chicago :
|b Irwin,
|c c1995.
|
| 300 |
|
|
|a xi, 335 p. :
|b ill., map ;
|c 28 cm.
|
| 490 |
|
|
|a Irwin advantage series for computer education
|
| 500 |
|
|
|a Includes index.
|
| 541 |
|
|
|e 1513
|
| 650 |
|
0 |
|a Internet.
|9 10983
|
| 942 |
|
|
|2 ddc
|c BK
|
| 999 |
|
|
|c 34399
|d 34399
|
| 952 |
|
|
|0 0
|1 0
|2 ddc
|4 0
|6 004_670000000000000_SAN
|7 0
|9 53707
|a SCL
|b SCL
|c GEN
|d 2015-05-13
|e Gift: The Asia Foundation
|l 1
|m 4
|o 004.67 SAN
|p 3020001513
|r 2017-06-21
|s 2017-05-23
|t 1
|w 2015-05-13
|y BK
|